[Event "DEN-ch G5-1"]
[Site "Svendborg"]
[Date "2022.04.12"]
[Round "4"]
[White "Hansen, Martin1111"]
[Black "Hansen, Allan Hallgren"]
[Result "1-0"]
[WhiteElo "1703"]
[BlackElo "1563"]
[PlyCount "37"]
[EventDate "2022.04.09"]
[EventType "swiss"]
[EventRounds "5"]
[EventCountry "DEN"]
[SourceTitle "EXT 2024"]
[Source "ChessBase"]
[SourceDate "2023.10.10"]
[SourceVersion "1"]
[SourceVersionDate "2023.10.10"]
[SourceQuality "1"]

1. e4 c6 2. d4 d5 3. Nc3 e6 4. Be3 Ne7 5. f4 g6 6. Nf3 Bg7 7. Bd3 0-0 8. h4 Nd7 9. h5 Nf6 10. hxg6 fxg6 11. Ne5 dxe4 12. Bxe4 Nf5 13. Qf3 Nxd4 14. Qh3 Nf5 15. Bd2 Ne7 16. g4 Qd4 17. 0-0-0 Qc5 18. Bf3 a6 19. Ne4 1-0

[Event "DEN-ch G5-1"]
[Site "Svendborg"]
[Date "2022.04.10"]
[Round "2"]
[White "Hansen, Jorgen Holm"]
[Black "Hansen, Allan Hallgren"]
[Result "0-1"]
[WhiteElo "1243"]
[BlackElo "1563"]
[PlyCount "72"]
[EventDate "2022.04.09"]
[EventType "swiss"]
[EventRounds "5"]
[EventCountry "DEN"]
[SourceTitle "EXT 2024"]
[Source "ChessBase"]
[SourceDate "2023.10.10"]
[SourceVersion "1"]
[SourceVersionDate "2023.10.10"]
[SourceQuality "1"]

1. e4 c6 2. Bc4 e6 3. Be2 d5 4. e5 Nd7 5. Nf3 Ne7 6. d4 Ng6 7. Bg5 Qb6 8. c3 c5 9. b3 cxd4 10. cxd4 Bb4+ 11. Nbd2 Bc3 12. Rc1 Bxd4 13. Nxd4 Qxd4 14. Nf3 Qxd1+ 15. Rxd1 0-0 16. 0-0 Ndxe5 17. Nxe5 Nxe5 18. Bf4 Nc6 19. Bg3 Bd7 20. f4 f5 21. Bb5 Rfc8 22. Bxc6 Rxc6 23. Rc1 Rac8 24. Rxc6 Rxc6 25. Rd1 Rc2 26. a4 Kf7 27. Bf2 a6 28. g3 b5 29. axb5 Bxb5 30. Ra1 Bd3 31. Kg2 h6 32. Kg1 g5 33. h4 g4 34. Kg2 Rb2 35. Kg1 Rxb3 36. Bd4 Rb1+ 0-1